[Event "23rd OIBM 2019"]
[Site "Gmund am Tegernsee"]
[Date "2019.10.29"]
[Round "4.34"]
[White "Viebahn, Dirk"]
[Black "Padmini, Rout"]
[Result "0-1"]
[WhiteElo "2137"]
[BlackElo "2394"]
[Annotator "ChessBase"]
[PlyCount "77"]
[EventDate "2019.10.17"]
[EventType "swiss"]
[EventCountry "GER"]
[SourceTitle "playchess.com"]
[Source "ChessBase"]
[SourceQuality "1"]
[TimeControl "40/5400+30:1800+30"]

1. e4 {[%emt 0:00:00]} e5 {[%emt 0:00:14]} 2. Nf3 {[%emt 0:00:00]} Nc6 {[%emt 0:00:07]} 3. Bb5 {[%emt 0:00:00]} Nf6 {[%emt 0:00:27]} 4. d3 {[%emt 0:00:26]} Bc5 {[%emt 0:00:32]} 5. O-O {[%emt 0:00:39]} Nd4 {[%emt 0:00:23]} 6. Nxd4 {[%emt 0:00:38]} Bxd4 {[%emt 0:00:08]} 7. c3 {[%emt 0:02:06]} Bb6 {[%emt 0:00:11]} 8. Be3 {[%emt 0:06:57]} c6 {[%emt 0:07:40]} 9. Ba4 {[%emt 0:01:06]} Bxe3 {[%emt 0:07:57]} 10. fxe3 {[%emt 0:00:10]} Qb6 {[%emt 0:01:21]} 11. Qe2 {[%emt 0:01:30]} d6 {[%emt 0:00:57]} 12. Na3 {[%emt 0:08:14]} Be6 {[%emt 0:02:16]} 13. Bb3 {[%emt 0:06:50]} Bxb3 {[%emt 0:02:55]} 14. axb3 {[%emt 0:00:17]} d5 {[%emt 0:00:22]} 15. exd5 {[%emt 0:02:15]} cxd5 {[%emt 0:00:15]} 16. d4 {[%emt 0:05:24]} O-O {[%emt 0:00:42]} 17. dxe5 {[%emt 0:08:37]} Nd7 {[%emt 0:00:33]} 18. Qb5 {[%emt 0:03:55]} Qe6 {[%emt 0:05:29]} 19. e4 {[%emt 0:00:49]} dxe4 {[%emt 0:01:00]} 20. Nc4 {[%emt 0:00:40]} b6 {[%emt 0:05:38]} 21. Rad1 {[%emt 0:09:34]} Nc5 {[%emt 0:00:27]} 22. Rd6 {[%emt 0:09:32]} Qg4 {[%emt 0:11:52]} 23. b4 {[%emt 0:03:49]} Nd3 {[%emt 0:03:07]} 24. Qd7 {[%emt 0:06:09]} Qe2 {[%emt 0:06:35]} 25. Qh3 {[%emt 0:11:31]} Rae8 {[%emt 0:11:45]} 26. Rd7 {[%emt 0:04:08]} Nc5 {[%emt 0:13:44]} 27. bxc5 {[%emt 0:01:59]} Qxc4 {[%emt 0:00:02]} 28. cxb6 {[%emt 0:00:22]} Qc5+ {[%emt 0:00:20]} 29. Kh1 {[%emt 0:03:36]} axb6 {[%emt 0:00:07]} 30. e6 {[%emt 0:01:03]} fxe6 {[%emt 0:00:14]} 31. Re1 {[%emt 0:01:51]} Qf2 {[%emt 0:01:37]} 32. Rg1 {[%emt 0:00:06]} e3 {[%emt 0:02:47]} 33. Qg4 {[%emt 0:00:35]} Rf7 {[%emt 0:01:42]} 34. Rxf7 {[%emt 0:00:11]} Kxf7 {[%emt 0:03:49]} 35. Qh5+ {[%emt 0:00:24]} Kf8 {[%emt 0:00:38]} 36. Qxh7 {[%emt 0:01:50]} e2 {[%emt 0:01:29]} 37. Qh8+ {[%emt 0:00:45]} Ke7 {[%emt 0:01:46]} 38. Qxg7+ {[%emt 0:00:14]} Kd6 {[%emt 0:00:03]} 39. Qd4+ {[%emt 0:00:00] Ke5} 0-1

[Event "23rd OIBM 2019"]
[Site "Gmund am Tegernsee"]
[Date "2019.10.29"]
[Round "4.35"]
[White "Atakisi, Umut"]
[Black "Renner, Kai"]
[Result "1/2-1/2"]
[WhiteElo "2393"]
[BlackElo "2153"]
[Annotator "ChessBase"]
[PlyCount "107"]
[EventDate "2019.10.17"]
[EventType "swiss"]
[EventCountry "GER"]
[SourceTitle "playchess.com"]
[Source "ChessBase"]
[SourceQuality "1"]
[TimeControl "40/5400+30:1800+30"]

1. e4 {[%emt 0:00:00]} c5 {[%emt 0:00:04]} 2. Nf3 {[%emt 0:00:00]} e6 {[%emt 0:00:22]} 3. d4 {[%emt 0:00:00]} cxd4 {[%emt 0:00:05]} 4. Nxd4 {[%emt 0:00:00]} a6 {[%emt 0:00:20]} 5. Nc3 {[%emt 0:00:00]} Qc7 {[%emt 0:00:30]} 6. g3 {[%emt 0:00:03]} Nf6 {[%emt 0:08:24]} 7. Bg2 {[%emt 0:02:16]} d6 {[%emt 0:02:09]} 8. O-O {[%emt 0:00:12]} Be7 {[%emt 0:00:47]} 9. Re1 {[%emt 0:04:37]} Nc6 {[%emt 0:08:03]} 10. Nxc6 {[%emt 0:05:18]} bxc6 {[%emt 0:00:07]} 11. e5 {[%emt 0:14:16]} dxe5 {[%emt 0:02:58]} 12. Rxe5 {[%emt 0:00:12]} Bd6 {[%emt 0:23:51]} 13. Qf3 {[%emt 0:08:49]} Bxe5 {[%emt 0:09:15]} 14. Qxc6+ {[%emt 0:00:39]} Qxc6 {[%emt 0:00:14]} 15. Bxc6+ {[%emt 0:00:04]} Bd7 {[%emt 0:00:10]} 16. Bxa8 {[%emt 0:00:07]} O-O {[%emt 0:03:20]} 17. Bb7 {[%emt 0:01:24]} Bxc3 {[%emt 0:01:49]} 18. bxc3 {[%emt 0:00:20]} Bb5 {[%emt 0:00:47]} 19. a4 {[%emt 0:14:49]} Bc4 {[%emt 0:04:33]} 20. a5 {[%emt 0:17:04]} Rb8 {[%emt 0:09:58]} 21. Bg2 {[%emt 0:02:38]} Nd5 {[%emt 0:01:03]} 22. Bf1 {[%emt 0:00:50]} Bxf1 {[%emt 0:01:06]} 23. Kxf1 {[%emt 0:00:07]} Nxc3 {[%emt 0:00:22]} 24. Ra3 {[%emt 0:01:23]} Nd5 {[%emt 0:01:42]} 25. Ke2 {[%emt 0:01:31]} f6 {[%emt 0:08:44]} 26. c4 {[%emt 0:03:08]} Nb4 {[%emt 0:06:12]} 27. Bd2 {[%emt 0:00:56]} Kf7 {[%emt 0:01:20]} 28. Bxb4 {[%emt 0:06:30]} Rxb4 {[%emt 0:00:03]} 29. Kd3 {[%emt 0:01:47]} Ke7 {[%emt 0:02:43]} 30. Kc3 {[%emt 0:00:33]} Rb1 {[%emt 0:00:10]} 31. Ra2 {[%emt 0:00:25]} Kd6 {[%emt 0:00:26]} 32. Rd2+ {[%emt 0:00:29]} Kc6 {[%emt 0:00:45]} 33. Rd8 {[%emt 0:00:46]} Rc1+ {[%emt 0:00:31]} 34. Kb3 {[%emt 0:00:02]} Rb1+ {[%emt 0:00:28]} 35. Kc2 {[%emt 0:00:27]} Ra1 {[%emt 0:00:04]} 36. Rg8 {[%emt 0:01:26]} Rxa5 {[%emt 0:02:26]} 37. Rxg7 {[%emt 0:00:04]} Ra2+ {[%emt 0:00:24]} 38. Kb3 {[%emt 0:01:43]} Rxf2 {[%emt 0:00:08]} 39. Rxh7 {[%emt 0:00:05]} e5 {[%emt 0:01:11]} 40. g4 {[%emt 0:05:48]} Kc5 {[%emt 0:01:03]} 41. Rc7+ {[%emt 0:33:31]} Kb6 {[%emt 0:02:51]} 42. Rh7 {[%emt 0:00:00]} Kc5 {[%emt 0:00:05]} 43. Rc7+ {[%emt 0:00:00]} Kb6 {[%emt 0:00:05]} 44. Rf7 {[%emt 0:00:00]} Rxh2 {[%emt 0:00:13]} 45. Rxf6+ {[%emt 0:00:00]} Kc5 {[%emt 0:00:17]} 46. Rxa6 {[%emt 0:00:00]} Rh3+ {[%emt 0:00:23]} 47. Kc2 {[%emt 0:00:00]} Rg3 {[%emt 0:02:45]} 48. Ra5+ {[%emt 0:00:00]} Kxc4 {[%emt 0:02:27]} 49. Kd2 {[%emt 0:00:00]} e4 {[%emt 0:01:25]} 50. Ke2 {[%emt 0:00:00]} Rxg4 {[%emt 0:00:19]} 51. Ke3 {[%emt 0:00:00]} Rh4 {[%emt 0:00:14]} 52. Re5 {[%emt 0:00:00]} Kb4 {[%emt 0:00:12]} 53. Rxe4+ {[%emt 0:00:00]} Rxe4+ {[%emt 0:00:05]} 54. Kxe4 {[%emt 0:00:00]} 1/2-1/2

[Event "23rd OIBM 2019"]
[Site "Gmund am Tegernsee"]
[Date "2019.10.29"]
[Round "4.36"]
[White "Hess, Max"]
[Black "Minko, Dmitry"]
[Result "1-0"]
[WhiteElo "2373"]
[BlackElo "2143"]
[Annotator "TA"]
[PlyCount "97"]
[EventDate "2019.10.17"]
[EventType "swiss"]
[EventCountry "GER"]
[SourceTitle "playchess.com"]
[Source "ChessBase"]
[SourceQuality "1"]

{[%evp 14,97,-4,-15,14,-3,0,-48,-46,-83,-65,-73,-51,-42,-35,-56,-12,-9,-13,-28,-27,-45,-20,-35,0,0,0,0,45,0,0,0,0,0,0,0,12,13,13,21,27,18,17,17,17,25,20,0,0,0,0,0,163,143,256,252,271,275,270,0,0,0,0,0,0,0,0,0,0,0,0,0,5277,11058,29968,29970,29970,29969,29985,29986,29985,29986,29986,29987,29991,29992]} 1. Nf3 d5 2. g3 Nf6 3. Bg2 e6 4. O-O c5 5. d3 Nc6 6. Nbd2 Be7 7. e4 O-O 8. Re1 Nd7 {C00: French: Unusual White 2nd moves} (8... Qc7 9. e5 Nd7 10. Qe2 b5 11. Nf1 Bb7 12. Bf4 Rfc8 13. h4 Qd8 14. h5 h6 15. N1h2 b4 16. Ng4 Bf8 17. Qd2 Ne7 18. Ne3 d4 19. Nc4 Nd5 {½-½ (64) Wang,H (2726)-Dominguez Perez,L (2763) Khanty-Mansiysk 2019}) 9. Nf1 Bf6 10. c3 $146 ({Predecessor:} 10. Ne3 d4 11. Nc4 Be5 12. Nfxe5 Ncxe5 13. Nxe5 Nxe5 14. Qh5 Nc6 15. Qxc5 e5 16. c4 dxc3 17. Qxc3 {½-½ (30) Vallverdu Miret,O (2076)-Perez Cabas,J (1964) Lleida 2011}) 10... d4 {Black is slightly better.} 11. c4 Qc7 12. h4 Rb8 13. N1h2 b5 14. b3 a5 15. Ng4 e5 16. Nxf6+ Nxf6 17. Nh2 a4 18. f4 axb3 19. axb3 bxc4 20. bxc4 Qb6 21. fxe5 Nxe5 22. Bf4 Nfg4 23. Nxg4 Bxg4 24. Qd2 f6 25. Bxe5 {[%mdl 64] Overworked Piece} fxe5 26. Qg5 {[%mdl 64] Double Attack} Qe6 27. Ra7 {[%csl Ga7][%cal Rg5g7]} Rf7 28. Rxf7 Kxf7 29. Ra1 $36 {[%mdl 2048] White is pushing.} Rb7 30. Ra5 h6 31. Qd8 Rb1+ 32. Kh2 {Strongly threatening Ra7+.} Rb2 $2 (32... Qf6 $11 {and Black has nothing to worry.} 33. Ra7+ Kg6 34. Qe8+ Kh7) 33. Rb5 $18 ({Not} 33. Rxc5 $2 Bf3 $19) ({Stronger than} 33. Ra7+ Kg6 $11) 33... Rxb5 (33... Rb4 $16) 34. cxb5 Qd7 35. Qa5 Qe7 36. Bh3 $2 ({White should try} 36. b6 $18 Bc8 37. Qa2+ Kf8 38. Bh3) 36... Bxh3 $11 37. Kxh3 {[%mdl 4096] Endgame Black must now prevent b6. KQ-KQ} Qe6+ 38. Kg2 {aiming for b6.} Qb3 39. Qc7+ Kg8 $1 40. b6 Qxd3 41. Qc8+ Kf7 42. Qf5+ {[%mdl 64] Double Attack} Ke7 $2 {[%mdl 8192]} (42... Kg8 $11) 43. b7 $18 Qc2+ 44. Kh3 {White mates.} Qb1 45. Qxe5+ {[%mdl 64] Double Attack} Kd7 46. b8=Q {[%csl Gb8][%cal Re5e8]} Qf1+ {[#]} 47. Kg4 $1 {[%csl Gb8][%cal Re5e8]} Qe2+ {[#]} 48. Kf5 $1 {[%csl Gb8][%cal Re5e8]} Qf3+ {[#]} 49. Kg6 $1 {Accuracy: White = 47%, Black = 42%.} 1-0

[Event "23rd OIBM 2019"]
[Site "Gmund am Tegernsee"]
[Date "2019.10.29"]
[Round "4.37"]
[White "Gschwendtner, Klaus"]
[Black "Zude, Arno"]
[Result "0-1"]
[WhiteElo "2133"]
[BlackElo "2372"]
[Annotator "TA"]
[PlyCount "130"]
[EventDate "2019.10.17"]
[EventType "swiss"]
[EventCountry "GER"]
[SourceTitle "playchess.com"]
[Source "ChessBase"]
[SourceQuality "1"]

{[%evp 18,130,37,28,16,15,14,10,17,1,19,0,10,3,39,14,15,0,0,-3,13,15,15,-10,-16,-8,-4,-17,-8,-8,-8,-12,-8,-8,-8,-8,-8,-12,-13,-29,-35,-40,-23,-40,-50,-68,0,0,0,-28,-39,-56,-39,-50,-38,-41,-41,-50,-51,-45,-51,-36,-32,-59,-33,-26,-34,-79,0,0,13,13,46,0,0,-12,-12,-12,-12,-12,-12,-29,-29,-29,-30,-30,-29,-37,-38,-335,-3,-4,-4,-122,-122,-123,-123,-123,-123,-567,-362,-954,-730,-968,-854,-1513,-1416,-3292,-2647,-3441,-5122,-5122,-2717,-29983,-29981]} 1. e4 e5 2. Nf3 Nc6 3. Bb5 a6 4. Ba4 d6 5. c3 Bd7 6. O-O Nf6 7. Re1 g6 8. d3 Bg7 9. Nbd2 {[%cal Bb1d2,Bd2f1,Bf1e3,Be3g4][%mdl 32]} O-O 10. Nf1 Re8 {C77: Ruy Lopez: 3...a6 4 Ba4 Nf6, unusual lines} 11. Bg5 h6 12. Bh4 Qc8 {The position is equal.} 13. Ne3 {[#]} b5 $146 ({Predecessor:} 13... Ne7 14. Bc2 Nh5 15. d4 Nc6 16. Qd2 exd4 17. Nxd4 Ne5 18. Rad1 b5 19. Nd5 {1-0 (31) Morozevich,A (2724)-Mamedyarov,S (2757) Sochi 2014}) 14. Bb3 Na5 {[%cal Bc6a5,Ba5b7,Bb7c5][%mdl 32]} 15. Bc2 c6 16. h3 Nb7 17. Nh2 Nc5 18. Neg4 Nh7 19. d4 Ne6 20. dxe5 dxe5 21. Bb3 Nc5 22. Bc2 g5 23. Bg3 h5 24. Nxe5 Bxe5 25. Bxe5 Rxe5 26. Qd4 Qc7 27. Nf3 Rae8 28. Rad1 Nf8 29. Nxe5 Qxe5 30. Qxe5 Rxe5 31. f3 Be6 (31... Re7 $15) 32. Rd6 $11 Bd7 33. Red1 Re7 34. b4 Nb7 $1 {[%cal Rb7d6]} 35. R6d2 Be8 36. a4 Ng6 37. Kf2 h4 38. axb5 axb5 39. Bb3 Kg7 40. Ra1 Kf6 41. Ra8 Ne5 42. Ke3 Ng6 ({Better is} 42... Bd7 $17) 43. c4 bxc4 44. Bxc4 {White wants to play Ba6.} Ke5 45. Bf1 (45. Rxe8 $5 Rxe8 46. Bxf7 $16 {[%mdl 64] Double Attack}) 45... f6 46. b5 cxb5 47. Rd5+ Ke6 48. Ra6+ Kf7 49. Rb6 Ne5 50. Bxb5 Bxb5 51. Rbxb5 Nd6 52. Rb8 Ra7 {aiming for ...Ra2.} 53. Rd8 $2 {[%mdl 8192]} ({White has to play} 53. Kf2 $1 $15 Ra2+ 54. Kg1) 53... Ra2 $2 (53... Ndc4+ $19 54. Kd4 Ra2) 54. R8xd6 {[%mdl 4096] Endgame KRR-KRN} Nc4+ {[%mdl 64] [#] Double Attack} 55. Kd4 (55. Kd3 $1 $11 Nxd6 56. Rxd6) 55... Nxd6 $17 56. Rxd6 {KR-KR} Rd2+ 57. Kc5 Rxg2 58. Kd5 $2 {[%mdl 8192] [#]} (58. Rd7+ $17 Ke6 59. Rd6+ Ke7 60. Rb6) 58... Rd2+ $19 59. Kc6 $2 (59. Kc5 Rh2 60. Rd7+ Ke6 61. Rd6+ Ke7 62. e5 fxe5 63. Rg6 Rxh3 64. Kd5 Rxf3 65. Rxg5) 59... Rh2 60. Rd7+ Kg6 61. Rd6 Rxh3 62. e5 Rxf3 63. e6 Re3 64. Kd7 h3 65. e7 Kf7 {Accuracy: White = 33%, Black = 66%.} 0-1

[Event "23rd OIBM 2019"]
[Site "Gmund am Tegernsee"]
[Date "2019.10.29"]
[Round "4.38"]
[White "Moehn, Hans"]
[Black "Babar, Michael"]
[Result "1-0"]
[WhiteElo "2370"]
[BlackElo "2137"]
[Annotator "ChessBase"]
[PlyCount "73"]
[EventDate "2019.10.17"]
[EventType "swiss"]
[EventCountry "GER"]
[SourceTitle "playchess.com"]
[Source "ChessBase"]
[SourceQuality "1"]
[TimeControl "40/5400+30:1800+30"]

1. b3 {[%emt 0:00:00]} c5 {[%emt 0:01:35]} 2. Bb2 {[%emt 0:00:02]} Nc6 {[%emt 0:00:05]} 3. Nf3 {[%emt 0:00:32]} d6 {[%emt 0:02:45]} 4. d4 {[%emt 0:00:41]} cxd4 {[%emt 0:00:44]} 5. Nxd4 {[%emt 0:00:06]} Bd7 {[%emt 0:02:15]} 6. c4 {[%emt 0:04:14]} Nf6 {[%emt 0:07:22]} 7. Nc3 {[%emt 0:10:43]} Qa5 {[%emt 0:11:46]} 8. e3 {[%emt 0:08:37]} g6 {[%emt 0:08:42]} 9. Be2 {[%emt 0:02:52]} Bg7 {[%emt 0:03:58]} 10. O-O {[%emt 0:00:38]} O-O {[%emt 0:00:54]} 11. Rc1 {[%emt 0:02:08]} Rac8 {[%emt 0:02:20]} 12. a3 {[%emt 0:04:22]} Nxd4 {[%emt 0:06:30]} 13. exd4 {[%emt 0:02:14]} Bh6 {[%emt 0:04:28]} 14. Ra1 {[%emt 0:04:54]} a6 {[%emt 0:05:55]} 15. Re1 {[%emt 0:05:28]} e6 {[%emt 0:03:59]} 16. b4 {[%emt 0:04:41]} Qd8 {[%emt 0:00:53]} 17. Qb3 {[%emt 0:02:02]} Bd2 {[%emt 0:09:31]} 18. Red1 {[%emt 0:04:01]} Bxc3 {[%emt 0:00:08]} 19. Bxc3 {[%emt 0:00:50]} d5 {[%emt 0:00:06]} 20. c5 {[%emt 0:00:11]} Bb5 {[%emt 0:05:01]} 21. Bf3 {[%emt 0:02:54]} Bc4 {[%emt 0:01:36]} 22. Qc2 {[%emt 0:00:33]} Ne8 {[%emt 0:03:45]} 23. Bd2 {[%emt 0:00:44]} Qf6 {[%emt 0:01:11]} 24. Bh6 {[%emt 0:00:23]} Ng7 {[%emt 0:00:04]} 25. Qd2 {[%emt 0:00:07]} Qe7 {[%emt 0:00:34]} 26. Re1 {[%emt 0:02:48]} Rfe8 {[%emt 0:03:36]} 27. Bg4 {[%emt 0:05:31]} Rc6 {[%emt 0:05:10]} 28. Re3 {[%emt 0:04:25]} f6 {[%emt 0:02:57]} 29. Rae1 {[%emt 0:00:42]} Qf7 {[%emt 0:00:20]} 30. Rf3 {[%emt 0:02:18]} Nf5 {[%emt 0:02:11]} 31. Bf4 {[%emt 0:03:29]} Ng7 {[%emt 0:00:20]} 32. Bd6 {[%emt 0:00:50]} h5 {[%emt 0:01:42]} 33. Bh3 {[%emt 0:01:08]} g5 {[%emt 0:00:37]} 34. g4 {[%emt 0:03:18]} h4 {[%emt 0:00:40]} 35. Be5 {[%emt 0:00:45]} Nf5 {[%emt 0:02:53]} 36. gxf5 {[%emt 0:01:00]} fxe5 {[%emt 0:00:27]} 37. Qxg5+ {[%emt 0:02:58]} 1-0

[Event "23rd OIBM 2019"]
[Site "Gmund am Tegernsee"]
[Date "2019.10.29"]
[Round "4.39"]
[White "Fiedorek, Michal"]
[Black "Tillmann, Markus"]
[Result "0-1"]
[WhiteElo "2343"]
[BlackElo "2136"]
[Annotator "ChessBase"]
[PlyCount "84"]
[EventDate "2019.10.17"]
[EventType "swiss"]
[EventCountry "GER"]
[SourceTitle "playchess.com"]
[Source "ChessBase"]
[SourceQuality "1"]
[TimeControl "40/5400+30:1800+30"]

1. e4 {[%emt 0:00:00]} e5 {[%emt 0:00:33]} 2. Nf3 {[%emt 0:00:00]} Nc6 {[%emt 0:00:05]} 3. Bb5 {[%emt 0:00:00]} a6 {[%emt 0:00:05]} 4. Ba4 {[%emt 0:00:02]} Nf6 {[%emt 0:00:04]} 5. O-O {[%emt 0:00:18]} Be7 {[%emt 0:03:49]} 6. Re1 {[%emt 0:00:11]} b5 {[%emt 0:00:13]} 7. Bb3 {[%emt 0:00:07]} d6 {[%emt 0:00:25]} 8. a4 {[%emt 0:00:19]} Bg4 {[%emt 0:14:07]} 9. c3 {[%emt 0:01:08]} Rb8 {[%emt 0:04:20]} 10. axb5 {[%emt 0:04:02]} axb5 {[%emt 0:00:17]} 11. d4 {[%emt 0:03:07]} Bxf3 {[%emt 0:02:51]} 12. gxf3 {[%emt 0:00:38]} Qd7 {[%emt 0:06:56]} 13. Kg2 O-O {[%emt 0:02:24]} 14. d5 {[%emt 0:18:12]} Nd8 {[%emt 0:00:15]} 15. f4 {[%emt 0:02:36]} Kh8 {[%emt 0:06:12]} 16. Qf3 {[%emt 0:13:00]} b4 {[%emt 0:09:49]} 17. cxb4 {[%emt 0:08:20]} Rxb4 {[%emt 0:01:36]} 18. Bd2 {[%emt 0:00:43]} Rb8 {[%emt 0:01:40]} 19. Ba4 {[%emt 0:00:44]} Qc8 {[%emt 0:01:16]} 20. Bc3 {[%emt 0:01:12]} exf4 {[%emt 0:02:21]} 21. Qxf4 {[%emt 0:01:39]} Ng4 {[%emt 0:03:06]} 22. h3 {[%emt 0:19:52]} Ne5 {[%emt 0:00:17]} 23. Bc2 {[%emt 0:00:47]} Bf6 {[%emt 0:06:31]} 24. Qg3 {[%emt 0:02:14]} Rg8 {[%emt 0:10:37]} 25. Nd2 {[%emt 0:04:27]} Qd7 {[%emt 0:05:33]} 26. Nf3 {[%emt 0:06:39]} Nc4 {[%emt 0:01:07]} 27. Nd4 {[%emt 0:01:24]} c5 {[%emt 0:03:32]} 28. dxc6 {[%emt 0:01:35]} Nxc6 {[%emt 0:00:56]} 29. Ba4 {[%emt 0:03:36]} Bxd4 {[%emt 0:02:44]} 30. Bxd4 {[%emt 0:00:39]} Qb7 {[%emt 0:00:50]} 31. Bc3 {[%emt 0:01:05]} N4e5 {[%emt 0:03:42]} 32. Rad1 {[%emt 0:01:38]} f5 {[%emt 0:02:05]} 33. Rxd6 {[%emt 0:04:18]} Ra8 {[%emt 0:02:03]} 34. Bc2 {[%emt 0:01:33]} f4 {[%emt 0:00:23]} 35. Qxf4 {[%emt 0:00:40]} Rgf8 {[%emt 0:00:44]} 36. Qc1 {[%emt 0:00:36]} Nf3 {[%emt 0:00:37]} 37. Re3 {[%emt 0:00:29]} Qc7 {[%emt 0:00:43]} 38. Qd1 {[%emt 0:00:33]} Nce5 {[%emt 0:01:46]} 39. Re2 {[%emt 0:00:26]} Qe7 {[%emt 0:00:42]} 40. Bxe5 {[%emt 0:00:30]} Qxe5 {[%emt 0:00:14]} 41. Re3 {[%emt 0:06:38]} Qh2+ {[%emt 0:03:51]} 42. Kf1 {[%emt 0:00:05]} Nd4 {[%emt 0:05:56]} 0-1

[Event "23rd OIBM 2019"]
[Site "Gmund am Tegernsee"]
[Date "2019.10.29"]
[Round "4.40"]
[White "Singer, Christoph"]
[Black "Smits, Mark"]
[Result "1/2-1/2"]
[WhiteElo "2339"]
[BlackElo "2132"]
[Annotator "ChessBase"]
[PlyCount "52"]
[EventDate "2019.10.17"]
[EventType "swiss"]
[EventCountry "GER"]
[SourceTitle "playchess.com"]
[Source "ChessBase"]
[SourceQuality "1"]
[TimeControl "40/5400+30:1800+30"]

1. e4 {[%emt 0:00:00]} e5 {[%emt 0:00:00]} 2. Nf3 {[%emt 0:00:00]} Nc6 {[%emt 0:00:00]} 3. Bc4 {[%emt 0:00:00]} g6 {[%emt 0:00:49]} 4. d4 {[%emt 0:06:24]} exd4 {[%emt 0:00:52]} 5. Nxd4 {[%emt 0:05:28]} Bg7 {[%emt 0:01:01]} 6. Nxc6 {[%emt 0:02:07]} bxc6 {[%emt 0:00:23]} 7. O-O {[%emt 0:00:09]} Ne7 {[%emt 0:01:46]} 8. Nc3 {[%emt 0:00:11]} d6 {[%emt 0:00:20]} 9. Be3 {[%emt 0:00:21]} O-O {[%emt 0:02:48]} 10. Bd4 {[%emt 0:00:08]} Be6 {[%emt 0:03:54]} 11. Bxg7 {[%emt 0:01:40]} Kxg7 {[%emt 0:00:06]} 12. Bb3 {[%emt 0:02:05]} Qd7 {[%emt 0:01:17]} 13. Qd4+ {[%emt 0:16:28]} f6 {[%emt 0:01:06]} 14. Rad1 {[%emt 0:00:19]} Bxb3 {[%emt 0:09:21]} 15. axb3 {[%emt 0:00:28]} Qe6 {[%emt 0:00:21]} 16. Rfe1 {[%emt 0:06:32]} a5 {[%emt 0:10:27]} 17. f4 {[%emt 0:12:05]} c5 {[%emt 0:03:42]} 18. Qd2 {[%emt 0:03:11]} Nc6 {[%emt 0:02:28]} 19. Nd5 {[%emt 0:02:25]} Qf7 {[%emt 0:00:45]} 20. Ra1 {[%emt 0:08:23]} Nd4 {[%emt 0:03:28]} 21. Ra3 {[%emt 0:06:10]} f5 {[%emt 0:02:16]} 22. Ra4 {[%emt 0:04:25]} fxe4 {[%emt 0:12:17]} 23. Rxd4 {[%emt 0:00:05]} cxd4 {[%emt 0:00:09]} 24. Qxd4+ {[%emt 0:00:03]} Kg8 {[%emt 0:00:14]} 25. Rxe4 {[%emt 0:01:35]} c5 {[%emt 0:12:05]} 26. Qc4 {[%emt 0:01:42]} Ra7 {[%emt 0:02:42]} 1/2-1/2

[Event "23rd OIBM 2019"]
[Site "Gmund am Tegernsee"]
[Date "2019.10.29"]
[Round "4.41"]
[White "Juergens, Klaus"]
[Black "Faerber, David"]
[Result "1/2-1/2"]
[WhiteElo "2121"]
[BlackElo "2332"]
[Annotator "TA"]
[PlyCount "102"]
[EventDate "2019.10.17"]
[EventType "swiss"]
[EventCountry "GER"]
[SourceTitle "playchess.com"]
[Source "ChessBase"]
[SourceQuality "1"]

{[%evp 9,102,4,-1,-43,9,-4,49,-1,7,-25,-25,-22,-25,-30,-22,-21,-20,-34,-10,-9,0,0,0,-6,0,0,53,16,102,65,72,68,66,7,4,4,9,-5,-1,0,-6,-7,-10,-69,-51,-77,-21,-19,-12,-12,-8,-13,0,0,0,0,0,0,0,0,0,0,0,-6,0,0,0,0,0,0,0,0,0,-7,0,0,53,0,70,0,0,-7,0,-7,20,-7,25,25,31,42,42,42,211,177,260]} 1. Nf3 d5 2. g3 Bg4 3. Bg2 Nd7 4. O-O Ngf6 5. b3 (5. h3 Bh5 6. d3 e5 7. e4 dxe4 8. dxe4 Nxe4 9. Re1 Bxf3 10. Qxf3 Nd6 {½-½ (10) Sargissian,G (2680)-Korobov,A (2664) Abu Dhabi 2018}) 5... e5 6. Bb2 {A07: Réti Opening: New York and Capablanca Systems} Bd6 (6... e4 $15 7. Nd4 c5) 7. d4 {[%cal Rd4e5]} Qe7 $146 (7... e4 $11 8. Ne5 Be6) ({Predecessor:} 7... e4 8. Ne5 Bf5 9. c4 c6 10. Nd2 O-O 11. f3 Re8 12. fxe4 Bxe4 13. Nxe4 dxe4 14. Nxd7 Qxd7 {1-0 (52) Pokhvalit,A-Geyko,R (1931) Barnaul 2011}) 8. dxe5 {White is slightly better.} Nxe5 9. Nxe5 Bxe5 10. Bxe5 Qxe5 {[%mdl 64] Double Attack} 11. Nd2 O-O-O 12. Nf3 Bxf3 13. Bxf3 h5 14. Qd2 g5 15. Rad1 h4 16. Qd4 Qxd4 17. Rxd4 c5 (17... h3 $11) 18. Rd3 Rd6 (18... Kc7 $11 {remains equal.}) 19. Rfd1 {[%cal Rf3d5]} hxg3 20. hxg3 {[%cal Rf3d5]} d4 {[#]} 21. c3 (21. b4 $1 $14 {[%mdl 512]}) 21... Rhd8 $11 22. cxd4 Rxd4 23. Rc1 b6 24. Rxd4 Rxd4 {[%mdl 4096] Endgame KRB-KRN} 25. e3 Rd2 26. a4 (26. Rd1 $11 Rxd1+ 27. Bxd1) 26... Rb2 $15 27. Rc3 a5 (27... g4 $17 28. Ba8 Kb8) 28. g4 $11 Kc7 29. Kg2 Kd6 30. Kg3 Ke7 31. Bb7 Ne8 32. Bd5 Nd6 33. Kf3 Rd2 34. Bc6 f6 35. Kg3 Rd1 36. Bf3 Rg1+ 37. Kh2 Rb1 38. Bd5 Rd1 39. Bf3 Rd2 (39... Re1 {with more complications.} 40. Bd5 Ra1 41. Kg2 Rd1 42. Bf3 Rb1) 40. Kg3 Nf7 41. Be4 Nd8 42. Kf3 Ne6 (42... Rb2 $11) 43. Bf5 (43. Rd3 $14 Rb2 44. Bc6) 43... Nd8 ({Better is} 43... Rb2 $11) 44. Be4 ({White should try} 44. Rd3 $14 Rxd3 45. Bxd3) 44... Nf7 45. Kg3 Ne5 46. Bf5 Rd1 47. Kg2 (47. f4 $5 {[%cal Rf4e5]} Nf7 48. Rd3 Rxd3 49. Bxd3 $11) 47... Kd6 48. f4 Nc6 49. Rd3+ Rxd3 50. Bxd3 Nb4 $2 {[#]} (50... gxf4 $14 51. exf4 Kd5) 51. Bc4 $1 $18 Ke7 {[%mdl 32768] Accuracy: White = 60%, Black = 22%. . An unexpected result.} (51... Nc2 {might work better.}) 1/2-1/2

[Event "23rd OIBM 2019"]
[Site "Gmund am Tegernsee"]
[Date "2019.10.29"]
[Round "4.42"]
[White "Thiel, Fabian"]
[Black "Ludvik, Tomas"]
[Result "1/2-1/2"]
[WhiteElo "2109"]
[BlackElo "2305"]
[Annotator "TA"]
[PlyCount "31"]
[EventDate "2019.10.17"]
[EventType "swiss"]
[EventCountry "GER"]
[SourceTitle "playchess.com"]
[Source "ChessBase"]
[SourceQuality "1"]

{[%evp 11,31,-1,10,0,15,-31,7,-23,-17,-31,0,-4,37,0,58,57,64,57,61,43,64,49]} 1. Nf3 Nf6 2. g3 d5 3. Bg2 e6 4. O-O Be7 5. c4 O-O 6. d3 c5 7. cxd5 {A14: English Opening: 1...e6 with b3 by White} (7. Ne5 Nbd7 8. Bf4 Nxe5 9. Bxe5 b6 10. Nc3 Bb7 11. Qa4 Qc8 12. cxd5 Nxd5 13. Qg4 Nf6 14. Qh3 Rd8 {1-0 (49) Hammer,J (2662)-Lenderman,A (2626) Saint Louis 2018}) 7... exd5 8. Nc3 Nc6 (8... d4 $5 {[%cal Rd4c3]} 9. Ne4 Nxe4 10. dxe4 Nc6 $15) 9. e4 {The position is equal.} d4 10. Ne2 Qb6 11. Nf4 $146 ({Predecessor:} 11. Nd2 Qa6 12. Nf4 Ne5 13. Qe2 Re8 14. b3 g5 15. Nd5 Nxd5 16. exd5 Nxd3 17. d6 Nxc1 18. Qxa6 bxa6 19. Raxc1 Rb8 20. Bc6 {1-0 (20) Garriga Cazorla,P (2056)-Garcia Acosta,R (1894) Barcelona 2012}) 11... Re8 12. Re1 (12. e5 $5 {[%cal Re5f6]} Ng4 13. Re1 $11) 12... Bf8 (12... Bg4 $11) 13. e5 $1 $36 {[%cal Re5f6][%mdl 2048] White is slightly better. White fights for an advantage.} Ng4 {[%cal Rg4e5]} 14. e6 $1 {[%cal Re6f7]} fxe6 15. Ng5 Nf6 $1 16. Ngxe6 1/2-1/2